[Event "2. Bundesliga West 2005/2006"]
[Site "AUT"]
[Date "2005.10.09"]
[Round "2"]
[White "Bezler, Rainer"]
[Black "Hamberger, Hermann"]
[Result "0-1"]
[WhiteElo "2207"]
[BlackElo "2129"]
[PlyCount "41"]
[EventDate "2005.10.??"]
[EventType "team"]
[EventRounds "11"]
[EventCountry "AUT"]
[WhiteTeam "Lustenau VII"]
[BlackTeam "Mozart 1910 VI"]
[WhiteTeamCountry "AUT"]
[BlackTeamCountry "AUT"]

1. d4 Nf6 2. c4 c5 3. Nf3 cxd4 4. Nxd4 e5 5. Nf3 Nc6 6. Nc3 Bb4 7. Bd2 Qe7 8.
a3 e4 9. axb4 exf3 10. gxf3 Nxb4 11. Bf4 d5 12. cxd5 O-O 13. e4 Nh5 14. Be3 b6
15. f4 Qh4 16. Ra4 a5 17. Bxb6 Nxf4 18. Bxa5 Bg4 19. Qd2 Bf3 20. Bxb4 Rxa4 21.
Bxf8 0-1

[Event "2. Bundesliga West 2005/2006"]
[Site "AUT"]
[Date "2005.10.09"]
[Round "2"]
[White "Doskocil, Klaus"]
[Black "Opl, Klaus"]
[Result "0-1"]
[WhiteElo "2196"]
[BlackElo "2333"]
[PlyCount "98"]
[EventDate "2005.10.??"]
[EventType "team"]
[EventRounds "11"]
[EventCountry "AUT"]
[WhiteTeam "Lustenau VII"]
[BlackTeam "Mozart 1910 VI"]
[WhiteTeamCountry "AUT"]
[BlackTeamCountry "AUT"]

1. e4 e5 2. Nf3 Nc6 3. Bb5 a6 4. Ba4 Nf6 5. O-O Nxe4 6. d4 b5 7. Bb3 d5 8. dxe5
Be6 9. c3 Bc5 10. Qe2 O-O 11. Nbd2 Bf5 12. Nxe4 dxe4 13. Ng5 Nxe5 14. Nxe4 Bg4
15. Qd2 Qxd2 16. Bxd2 Bb6 17. Bg5 Rae8 18. h3 Bf5 19. Nd2 Nd3 20. Bc2 Nxf2 21.
Bxf5 Nxh3+ 22. Kh2 Nxg5 23. Rae1 g6 24. Ne4 Nxe4 25. Bxe4 Re5 26. Bb7 Rh5+ 27.
Kg3 Bc5 28. a3 Rd8 29. Rd1 Rxd1 30. Rxd1 Bd6+ 31. Kf3 Rf5+ 32. Ke2 a5 33. b4
axb4 34. axb4 Re5+ 35. Kd3 f5 36. Bc6 f4 37. Ra1 Re3+ 38. Kd2 Kg7 39. Bxb5 Be5
40. Rc1 Rg3 41. Bc6 f3 42. Bxf3 Bf4+ 43. Kc2 Bxc1 44. Kxc1 h5 45. Kd2 h4 46.
Ke2 Kf6 47. c4 Ke5 48. Bd5 Kd4 49. Bf7 Rxg2+ 0-1

[Event "2. Bundesliga West 2005/2006"]
[Site "AUT"]
[Date "2005.10.09"]
[Round "2"]
[White "Enigl, Karl"]
[Black "Mrsic, Robert"]
[Result "1/2-1/2"]
[WhiteElo "2122"]
[BlackElo "2135"]
[PlyCount "99"]
[EventDate "2005.10.??"]
[EventType "team"]
[EventRounds "11"]
[EventCountry "AUT"]
[WhiteTeam "Mozart 1910 VI"]
[BlackTeam "Lustenau VII"]
[WhiteTeamCountry "AUT"]
[BlackTeamCountry "AUT"]

1. c4 Nf6 2. Nf3 e6 3. g3 b6 4. Bg2 Bb7 5. O-O c5 6. b3 Be7 7. Bb2 O-O 8. e3 d5
9. Qe2 Nc6 10. Nc3 d4 11. exd4 Nxd4 12. Nxd4 Bxg2 13. Kxg2 Qxd4 14. d3 Qg4 15.
Rad1 Rfd8 16. f3 Qg6 17. Ne4 Rd7 18. Nf2 Rad8 19. Bxf6 Bxf6 20. Qe4 Bd4 21. Nh3
f5 22. Qe2 e5 23. Kh1 Re7 24. Nf2 Red7 25. Nh3 Qh6 26. Kg2 Qe3 27. Rfe1 Qh6 28.
Rf1 Qh5 29. g4 Qg6 30. Kh1 Rf7 31. Ng1 Rdf8 32. gxf5 Rxf5 33. Qe4 Qf7 34. Rd2
Rf4 35. Qc6 Bxg1 36. Rxg1 Rf6 37. Qe4 Qe6 38. Rg3 Rf4 39. Qb7 Qf7 40. Qxf7+
R8xf7 41. Kg2 Rd7 42. Rg5 e4 43. fxe4 Rxe4 44. Kf3 Re6 45. Rg4 Red6 46. Ke3 Rd4
47. Rxd4 Rxd4 48. b4 Rh4 49. bxc5 bxc5 50. Rb2 1/2-1/2

[Event "2. Bundesliga West 2005/2006"]
[Site "AUT"]
[Date "2005.10.09"]
[Round "2"]
[White "Praxmarer, Christian"]
[Black "Walkner, Karl"]
[Result "1-0"]
[WhiteElo "2117"]
[BlackElo "2045"]
[PlyCount "109"]
[EventDate "2005.10.??"]
[EventType "team"]
[EventRounds "11"]
[EventCountry "AUT"]
[WhiteTeam "Lustenau VII"]
[BlackTeam "Mozart 1910 VI"]
[WhiteTeamCountry "AUT"]
[BlackTeamCountry "AUT"]

1. d4 d5 2. c4 e6 3. Nc3 Nf6 4. Bg5 c6 5. e3 Be7 6. Nf3 Nbd7 7. Qc2 dxc4 8.
Bxc4 Nd5 9. Bxe7 Qxe7 10. O-O Nxc3 11. bxc3 O-O 12. a4 Rd8 13. a5 c5 14. Rfd1
Nf8 15. Qe4 cxd4 16. cxd4 Qb4 17. Ne5 Bd7 18. Rdb1 Qc3 19. Rc1 Qb4 20. Nd3 Qd6
21. Qxb7 Bc6 22. Qb4 Rab8 23. Qxd6 Rxd6 24. Rab1 Rxb1 25. Rxb1 Rd8 26. Nc5 g6
27. f3 Nd7 28. Nxd7 Rxd7 29. Rb8+ Kg7 30. Bb5 Bxb5 31. Rxb5 Rc7 32. Kf2 Rc2+
33. Kg3 Ra2 34. f4 Kf6 35. Kf3 h5 36. g3 Ra3 37. h3 Ra1 38. g4 hxg4+ 39. hxg4
Ra3 40. Ke4 Kg7 41. f5 gxf5+ 42. gxf5 Kf6 43. Kf4 Ra1 44. fxe6 fxe6 45. Rh5 Kg6
46. Rc5 Kf6 47. Re5 Rf1+ 48. Ke4 Ra1 49. Kd3 Rb1 50. Kc4 Rb7 51. Kc5 Rb8 52.
Kd6 Rd8+ 53. Kc7 Rg8 54. Kd7 Rg7+ 55. Kd6 1-0

[Event "2. Bundesliga West 2005/2006"]
[Site "AUT"]
[Date "2005.10.09"]
[Round "2"]
[White "Schmidt, Georg"]
[Black "Ginsburg, Gennadij"]
[Result "1-0"]
[WhiteElo "2363"]
[BlackElo "2513"]
[PlyCount "73"]
[EventDate "2005.10.??"]
[EventType "team"]
[EventRounds "11"]
[EventCountry "AUT"]
[WhiteTeam "Mozart 1910 VI"]
[BlackTeam "Lustenau VII"]
[WhiteTeamCountry "AUT"]
[BlackTeamCountry "AUT"]

1. e4 e5 2. Nf3 Nc6 3. Bb5 a6 4. Ba4 Nf6 5. d4 exd4 6. O-O Be7 7. e5 Ne4 8.
Nxd4 Nxd4 9. Qxd4 Nc5 10. Nc3 O-O 11. Be3 d6 12. Rad1 Be6 13. exd6 Qxd6 14. Nd5
Nxa4 15. Nxe7+ Qxe7 16. Qxa4 Qf6 17. b3 Qg6 18. Qa5 c6 19. c4 b5 20. Rd6 Rfc8
21. Rfd1 h6 22. h3 Kh7 23. Qc3 a5 24. cxb5 cxb5 25. Qe5 b4 26. Kh2 Qf5 27. Qd4
h5 28. Bc1 Rc2 29. Bb2 Rg8 30. Rd2 Rxd2 31. Qxd2 Rc8 32. Rd3 Rc5 33. Rg3 f6 34.
Qd6 Rc8 35. Qe7 Rg8 36. Rf3 Qd5 37. Rxf6 1-0

[Event "2. Bundesliga West 2005/2006"]
[Site "AUT"]
[Date "2005.12.02"]
[Round "3"]
[White "Hicker, Harald"]
[Black "Scheiblmaier, Robert"]
[Result "1-0"]
[WhiteElo "2179"]
[BlackElo "2159"]
[PlyCount "87"]
[EventDate "2005.10.??"]
[EventType "team"]
[EventRounds "11"]
[EventCountry "AUT"]
[WhiteTeam "Mozart 1910 VI"]
[BlackTeam "ASK Salzburg XI"]
[WhiteTeamCountry "AUT"]
[BlackTeamCountry "AUT"]

1. d4 d5 2. Nf3 c5 3. c4 e6 4. cxd5 exd5 5. Nc3 Nc6 6. e3 Nf6 7. Bb5 Bd6 8. Qa4
Bd7 9. dxc5 Bxc5 10. Nd4 Qb6 11. Nxc6 bxc6 12. Bd3 O-O 13. O-O Rfe8 14. Qc2 Qb4
15. Bd2 Qh4 16. Nxd5 Ng4 17. h3 Bd6 18. Nf4 Ne5 19. Bf5 Bxf5 20. Qxf5 g6 21.
Qc2 g5 22. Ne2 g4 23. Qf5 Re6 24. Bc3 Rf6 25. Qe4 Re8 26. Bxe5 Bxe5 27. Qxg4+
Qxg4 28. hxg4 Bxb2 29. Rab1 Ba3 30. Rb3 Bc5 31. Rc1 Bb6 32. Rc4 Rd6 33. Nc3
Ree6 34. g3 Rd2 35. Ra4 Rc2 36. Ne4 Kg7 37. Rd3 c5 38. Nd6 Rc1+ 39. Kg2 Rc2 40.
Rf4 Rxa2 41. Rxf7+ Kg8 42. Rb7 Rg6 43. Nf5 c4 44. Rdd7 1-0

[Event "2. Bundesliga West 2005/2006"]
[Site "AUT"]
[Date "2005.12.02"]
[Round "3"]
[White "Loeffler, Christoph"]
[Black "Opl, Klaus"]
[Result "1-0"]
[WhiteElo "2177"]
[BlackElo "2333"]
[PlyCount "65"]
[EventDate "2005.10.??"]
[EventType "team"]
[EventRounds "11"]
[EventCountry "AUT"]
[WhiteTeam "ASK Salzburg XI"]
[BlackTeam "Mozart 1910 VI"]
[WhiteTeamCountry "AUT"]
[BlackTeamCountry "AUT"]

1. e4 Nf6 2. Nc3 d5 3. e5 Nfd7 4. f4 e6 5. Nf3 c5 6. g3 Nc6 7. Bg2 Be7 8. O-O
O-O 9. d3 Nb6 10. Re1 d4 11. Ne4 Nd5 12. c4 dxc3 13. bxc3 f5 14. exf6 gxf6 15.
Bb2 Qb6 16. Rb1 Qa6 17. c4 Nc7 18. Nc3 Rd8 19. Ne4 Ne8 20. a3 Bd7 21. Bh3 Na5
22. Qe2 Rac8 23. Ne5 Ba4 24. Qg4+ Ng7 25. Nd7 Rxd7 26. Bxf6 Bxf6 27. Nxf6+ Kh8
28. Qh4 h5 29. Nxh5 Nxh5 30. Rxe6 b6 31. Qxh5+ Rh7 32. Qe5+ Rg7 33. Rh6+ 1-0

[Event "2. Bundesliga West 2005/2006"]
[Site "AUT"]
[Date "2005.12.02"]
[Round "3"]
[White "Peterwagner, Heinz"]
[Black "Teufl, Siegfried"]
[Result "1/2-1/2"]
[WhiteElo "2216"]
[BlackElo "2184"]
[PlyCount "23"]
[EventDate "2005.10.??"]
[EventType "team"]
[EventRounds "11"]
[EventCountry "AUT"]
[WhiteTeam "Mozart 1910 VI"]
[BlackTeam "ASK Salzburg XI"]
[WhiteTeamCountry "AUT"]
[BlackTeamCountry "AUT"]

1. e4 e5 2. d4 exd4 3. Qxd4 Nc6 4. Qe3 Nf6 5. Bd2 Bb4 6. e5 Bxd2+ 7. Nxd2 Nd5
8. Qe4 Nde7 9. O-O-O d5 10. Qe3 O-O 11. f4 Bg4 12. Ngf3 1/2-1/2

[Event "2. Bundesliga West 2005/2006"]
[Site "AUT"]
[Date "2005.12.02"]
[Round "3"]
[White "Schmidt, Georg"]
[Black "Juergens, Klaus"]
[Result "1-0"]
[WhiteElo "2363"]
[BlackElo "2183"]
[PlyCount "83"]
[EventDate "2005.10.??"]
[EventType "team"]
[EventRounds "11"]
[EventCountry "AUT"]
[WhiteTeam "Mozart 1910 VI"]
[BlackTeam "ASK Salzburg XI"]
[WhiteTeamCountry "AUT"]
[BlackTeamCountry "AUT"]

1. e4 c5 2. Nf3 g6 3. c4 Bg7 4. d4 cxd4 5. Nxd4 Nc6 6. Be3 Nf6 7. Nc3 Ng4 8.
Qxg4 Nxd4 9. Qd1 e5 10. Nb5 O-O 11. Qd2 Qe7 12. Bd3 d6 13. O-O Be6 14. Nxd4
exd4 15. Bg5 Qd7 16. Bh6 Bxh6 17. Qxh6 a6 18. Qd2 b5 19. cxb5 axb5 20. a3 Rfc8
21. f4 f5 22. exf5 Bxf5 23. Kh1 Qa7 24. Bxf5 gxf5 25. Qd3 Qc5 26. Qb3+ Kh8 27.
Qe6 Ra7 28. b4 Qc2 29. Qxd6 Rg7 30. Rg1 d3 31. Rad1 Rc3 32. Qf8+ Rg8 33. Qf6+
Rg7 34. Qf8+ Rg8 35. Qf6+ Rg7 36. Qxf5 h6 37. Qf8+ Kh7 38. Qf5+ Kh8 39. Rde1 d2
40. Re8+ Rg8 41. Qf6+ Kh7 42. Re7+ 1-0

[Event "2. Bundesliga West 2005/2006"]
[Site "AUT"]
[Date "2005.12.02"]
[Round "3"]
[White "Dizdar, Goran"]
[Black "Medvegy, Zoltan"]
[Result "0-1"]
[WhiteElo "2542"]
[BlackElo "2478"]
[PlyCount "106"]
[EventDate "2005.10.??"]
[EventType "team"]
[EventRounds "11"]
[EventCountry "AUT"]
[WhiteTeam "Absam"]
[BlackTeam "Ranshofen IX"]
[WhiteTeamCountry "AUT"]
[BlackTeamCountry "AUT"]

1. d4 Nf6 2. Nf3 e6 3. c4 b6 4. e3 Bb7 5. Nc3 Bb4 6. Bd3 c5 7. O-O O-O 8. Na4
cxd4 9. exd4 Be7 10. Re1 d6 11. b4 Nbd7 12. Bb2 Re8 13. Nc3 Bf8 14. Nd2 Rc8 15.
Nb3 Ba6 16. Nb5 Bxb5 17. cxb5 g6 18. Nd2 Nd5 19. Qb3 Bg7 20. g3 N7f6 21. Nf3
Qd7 22. Rac1 Bh6 23. Rc4 Qb7 24. a3 Nxb4 25. Rxc8 Rxc8 26. Bf1 Nbd5 27. Bh3 Qc7
28. Re2 Qc4 29. Qxc4 Rxc4 30. Bf1 Rc7 31. Re1 Nc3 32. Bd3 Nfd5 33. Kg2 Na4 34.
Ba1 Kf8 35. h4 Bg7 36. Nd2 Ke7 37. Ne4 Nac3 38. Nxc3 Nxc3 39. d5 e5 40. f4 Nxd5
41. fxe5 Bxe5 42. Bxe5 dxe5 43. Rxe5+ Kd6 44. Re2 Rc3 45. Rd2 f5 46. Be2 Ke5
47. Bf3 Rc2 48. Rxc2 Ne3+ 49. Kf2 Nxc2 50. a4 Nd4 51. Bd1 Ke4 52. h5 g5 53. h6
g4 0-1

[Event "2. Bundesliga West 2005/2006"]
[Site "AUT"]
[Date "2005.12.02"]
[Round "3"]
[White "Dovzik, Juri"]
[Black "Teske, Henrik"]
[Result "1/2-1/2"]
[WhiteElo "2405"]
[BlackElo "2487"]
[PlyCount "51"]
[EventDate "2005.10.??"]
[EventType "team"]
[EventRounds "11"]
[EventCountry "AUT"]
[WhiteTeam "Ranshofen IX"]
[BlackTeam "Absam"]
[WhiteTeamCountry "AUT"]
[BlackTeamCountry "AUT"]

1. d4 d5 2. c4 e6 3. Nf3 a6 4. cxd5 exd5 5. Nc3 c6 6. Bf4 Bd6 7. Bxd6 Qxd6 8.
e3 Ne7 9. Bd3 O-O 10. Qc2 h6 11. O-O Bg4 12. Ne5 Bh5 13. Qb3 b5 14. f4 f6 15.
Ne4 Qd8 16. Ng3 Be8 17. Nf3 Nd7 18. Rac1 Rc8 19. Nf5 Nb6 20. N3h4 Nxf5 21. Bxf5
Bd7 22. Qd3 Bxf5 23. Nxf5 Rc7 24. Rf3 Nc4 25. Rg3 Kh8 26. b3 1/2-1/2

[Event "2. Bundesliga West 2005/2006"]
[Site "AUT"]
[Date "2005.12.02"]
[Round "3"]
[White "Duer, Werner"]
[Black "Ager, Josef"]
[Result "1/2-1/2"]
[WhiteElo "2249"]
[BlackElo "2246"]
[PlyCount "32"]
[EventDate "2005.10.??"]
[EventType "team"]
[EventRounds "11"]
[EventCountry "AUT"]
[WhiteTeam "Absam"]
[BlackTeam "Ranshofen IX"]
[WhiteTeamCountry "AUT"]
[BlackTeamCountry "AUT"]

1. d4 g6 2. e4 Bg7 3. Nc3 c6 4. Nf3 d6 5. Be3 Nd7 6. Qd2 e5 7. Bd3 Ngf6 8. h3
a6 9. O-O O-O 10. Bh6 b5 11. Bxg7 Kxg7 12. a4 Bb7 13. axb5 axb5 14. Rxa8 Qxa8
15. Qe3 Re8 16. dxe5 dxe5 1/2-1/2

[Event "2. Bundesliga West 2005/2006"]
[Site "AUT"]
[Date "2005.12.02"]
[Round "3"]
[White "Webersberger, Johann"]
[Black "Pilz, Dieter"]
[Result "1/2-1/2"]
[WhiteElo "2258"]
[BlackElo "2331"]
[PlyCount "26"]
[EventDate "2005.10.??"]
[EventType "team"]
[EventRounds "11"]
[EventCountry "AUT"]
[WhiteTeam "Ranshofen IX"]
[BlackTeam "Absam"]
[WhiteTeamCountry "AUT"]
[BlackTeamCountry "AUT"]

1. Nf3 Nf6 2. d4 g6 3. c4 c5 4. g3 Bg7 5. Bg2 O-O 6. O-O d6 7. Nc3 Nc6 8. d5
Na5 9. Nd2 a6 10. Qc2 Rb8 11. Rb1 b5 12. b3 Bd7 13. e4 Qc7 1/2-1/2

[Event "2. Bundesliga West 2005/2006"]
[Site "AUT"]
[Date "2005.12.02"]
[Round "3"]
[White "Gaertner, Guntram"]
[Black "Gattenloehner, Sebastian"]
[Result "1-0"]
[WhiteElo "2368"]
[BlackElo "2214"]
[PlyCount "135"]
[EventDate "2005.10.??"]
[EventType "team"]
[EventRounds "11"]
[EventCountry "AUT"]
[WhiteTeam "Hohenems V"]
[BlackTeam "Bregenz X"]
[WhiteTeamCountry "AUT"]
[BlackTeamCountry "AUT"]

1. d4 d5 2. c4 c6 3. cxd5 cxd5 4. Nf3 Nc6 5. Nc3 Nf6 6. Bf4 a6 7. Rc1 Bf5 8.
Ne5 Rc8 9. e3 Nxe5 10. Bxe5 Nd7 11. Bg3 e6 12. Be2 Be7 13. O-O O-O 14. f3 Bg6
15. Bd3 Qb6 16. Rc2 Qa7 17. Qe2 Rc6 18. Bf2 Rfc8 19. e4 Bf8 20. Rfc1 Nf6 21.
Na4 Rxc2 22. Rxc2 Rxc2 23. Qxc2 b5 24. Nc5 Qa8 25. e5 Bxc5 26. Bxg6 hxg6 27.
Qxc5 Nd7 28. Qc7 Nf8 29. Be1 g5 30. Bd2 f6 31. exf6 gxf6 32. Qe7 Nh7 33. Qxe6+
Kg7 34. Bb4 a5 35. Bc5 Qb8 36. g3 Qa8 37. Qd7+ Kh6 38. Qxb5 Qc8 39. Qe2 Qf5 40.
Kg2 Qb1 41. b3 g4 42. fxg4 Ng5 43. Bf8+ Kg6 44. Qe8+ Nf7 45. h4 Qxa2+ 46. Kh3
Qf2 47. h5+ Kg5 48. Bh6+ Kxh6 49. Qf8+ Kh7 50. Qxf7+ Kh8 51. Qxd5 Qf1+ 52. Qg2
Qd3 53. Qf2 Kg7 54. Qf5 Qxd4 55. g5 fxg5 56. Qxg5+ Kh7 57. Qg6+ Kh8 58. h6 Qa1
59. Qg7+ Qxg7 60. hxg7+ Kxg7 61. Kg4 Kg6 62. Kf4 Kf6 63. Ke4 Kg5 64. Kd5 Kg4
65. Kc6 Kxg3 66. Kb5 Kf4 67. Kxa5 Ke5 68. Kb6 1-0

[Event "2. Bundesliga West 2005/2006"]
[Site "AUT"]
[Date "2005.12.02"]
[Round "3"]
[White "Grabher, Heinz"]
[Black "Natter, Markus"]
[Result "1-0"]
[WhiteElo "2279"]
[BlackElo "2117"]
[PlyCount "67"]
[EventDate "2005.10.??"]
[EventType "team"]
[EventRounds "11"]
[EventCountry "AUT"]
[WhiteTeam "Hohenems V"]
[BlackTeam "Bregenz X"]
[WhiteTeamCountry "AUT"]
[BlackTeamCountry "AUT"]

1. e4 d5 2. exd5 Qxd5 3. Nc3 Qa5 4. d4 c6 5. Nf3 Nf6 6. Bc4 Bf5 7. Qe2 e6 8.
Bd2 Bb4 9. O-O-O Nbd7 10. Ne5 Nxe5 11. dxe5 Nd5 12. Bxd5 exd5 13. g4 Bd7 14.
Kb1 O-O-O 15. a3 Be7 16. f4 Qc7 17. Be3 Kb8 18. f5 Ka8 19. Qf2 b6 20. Rhe1 Bc8
21. Bf4 Bc5 22. Qg3 Qb7 23. h3 h5 24. Ne2 hxg4 25. hxg4 Be7 26. Rh1 a6 27. Bc1
Ka7 28. Nf4 Rhe8 29. Rh7 Rg8 30. Qh3 Qc7 31. Re1 Rde8 32. Qh5 Bf8 33. e6 g6 34.
exf7 1-0

[Event "2. Bundesliga West 2005/2006"]
[Site "AUT"]
[Date "2005.12.02"]
[Round "3"]
[White "Heilinger, Dietmar"]
[Black "Atlas, Dimitry"]
[Result "0-1"]
[WhiteElo "2146"]
[BlackElo "2330"]
[PlyCount "88"]
[EventDate "2005.10.??"]
[EventType "team"]
[EventRounds "11"]
[EventCountry "AUT"]
[WhiteTeam "Bregenz X"]
[BlackTeam "Hohenems V"]
[WhiteTeamCountry "AUT"]
[BlackTeamCountry "AUT"]

1. d4 d5 2. e3 Nf6 3. c3 g6 4. Bd3 Bg7 5. f4 O-O 6. Nf3 Nbd7 7. O-O b6 8. Bd2
Bb7 9. Be1 c5 10. Ne5 Nxe5 11. fxe5 Ne4 12. Nd2 Nxd2 13. Bxd2 f6 14. Qg4 Qc8
15. Qxc8 Raxc8 16. exf6 Rxf6 17. Rxf6 Bxf6 18. Rf1 Kg7 19. Be1 e5 20. Bf2 Re8
21. Bb5 Re7 22. dxc5 bxc5 23. Rd1 a6 24. Bd3 h5 25. Kf1 Bg5 26. Be2 a5 27. Bb5
Kf7 28. Bd3 Bc6 29. e4 d4 30. Bc4+ Ke8 31. h4 Bf4 32. g3 Bh6 33. Bd5 Bxd5 34.
exd5 Kd7 35. Ke2 Kd6 36. Kd3 Kxd5 37. c4+ Kd6 38. Re1 Rf7 39. Re2 a4 40. Ke4
Rb7 41. Rc2 Ke6 42. Be1 Rd7 43. Kd3 e4+ 44. Kxe4 d3 0-1

[Event "2. Bundesliga West 2005/2006"]
[Site "AUT"]
[Date "2005.12.02"]
[Round "3"]
[White "Herbrechtsmeier, Christof"]
[Black "Drabke, Lorenz Maximilian"]
[Result "1/2-1/2"]
[WhiteElo "2286"]
[BlackElo "2405"]
[PlyCount "90"]
[EventDate "2005.10.??"]
[EventType "team"]
[EventRounds "11"]
[EventCountry "AUT"]
[WhiteTeam "Bregenz X"]
[BlackTeam "Hohenems V"]
[WhiteTeamCountry "AUT"]
[BlackTeamCountry "AUT"]

1. e4 c5 2. Nf3 e6 3. d4 cxd4 4. Nxd4 a6 5. Bd3 Nf6 6. O-O d6 7. f4 g6 8. Nd2
Bg7 9. c3 e5 10. Nc2 O-O 11. Nf3 Nbd7 12. fxe5 dxe5 13. b4 Qc7 14. Bd2 Nb6 15.
Qe2 Be6 16. Ne3 Nh5 17. g3 Rac8 18. Ng5 Bc4 19. Bxc4 Nxc4 20. Nd5 Qd8 21. Rad1
Nf6 22. Be3 Nxd5 23. Rxd5 Qe7 24. Nf3 Nxe3 25. Qxe3 Qc7 26. Rc1 Qc4 27. Rc2
Rfd8 28. Nd2 Qc6 29. c4 f5 30. Rc3 Qa4 31. a3 Qd1+ 32. Nf1 Rxd5 33. cxd5 Rf8
34. Rc1 Qd4 35. Qxd4 exd4 36. exf5 Rxf5 37. Rc8+ Bf8 38. d6 Rd5 39. Nd2 Rxd6
40. Kf2 d3 41. Ke1 Re6+ 42. Kd1 Re2 43. Rd8 Rxh2 44. Rxd3 h5 45. Rd7 Bh6
1/2-1/2

[Event "2. Bundesliga West 2005/2006"]
[Site "AUT"]
[Date "2005.12.02"]
[Round "3"]
[White "Maux, Martin"]
[Black "Burschowsky, Matthias"]
[Result "0-1"]
[WhiteElo "2118"]
[BlackElo "2176"]
[PlyCount "76"]
[EventDate "2005.10.??"]
[EventType "team"]
[EventRounds "11"]
[EventCountry "AUT"]
[WhiteTeam "Bregenz X"]
[BlackTeam "Hohenems V"]
[WhiteTeamCountry "AUT"]
[BlackTeamCountry "AUT"]

1. Nf3 d5 2. d4 Nf6 3. c3 Bf5 4. Bf4 e6 5. e3 Be7 6. Bd3 Be4 7. Qc2 Nbd7 8.
Nbd2 Bxd3 9. Qxd3 O-O 10. O-O c5 11. Bg3 Qb6 12. b4 cxb4 13. cxb4 Nh5 14. a3
Nxg3 15. hxg3 a5 16. bxa5 Rxa5 17. Rfb1 Qa7 18. Rb3 Rb8 19. Rc1 Bd6 20. Rcc3 b5
21. Qc2 Nb6 22. Rc6 Nc4 23. Ne5 Bxa3 24. Ndxc4 bxc4 25. Nxc4 dxc4 26. Qxc4 Rf8
27. Rc8 g6 28. Rxf8+ Bxf8 29. Qc8 Qa6 30. Qe8 Qc4 31. Rb1 Qc2 32. Rb5 Ra1+ 33.
Kh2 Qxf2 34. Rb8 Qg1+ 35. Kh3 Qh1+ 36. Kg4 Qh6 37. Kf3 Ra3 38. Kf2 Qxe3+ 0-1

[Event "2. Bundesliga West 2005/2006"]
[Site "AUT"]
[Date "2005.12.02"]
[Round "3"]
[White "Bromberger, Stefan"]
[Black "Mrva, Martin"]
[Result "1-0"]
[WhiteElo "2478"]
[BlackElo "2490"]
[PlyCount "151"]
[EventDate "2005.10.??"]
[EventType "team"]
[EventRounds "11"]
[EventCountry "AUT"]
[WhiteTeam "Innsbruck Rochade III"]
[BlackTeam "Lochau XII"]
[WhiteTeamCountry "AUT"]
[BlackTeamCountry "AUT"]

1. e4 c5 2. Nf3 d6 3. d4 cxd4 4. Nxd4 Nf6 5. Nc3 Nc6 6. Bg5 e6 7. Qd2 Qb6 8.
O-O-O a6 9. f3 Be7 10. Be3 Qc7 11. g4 Nd7 12. g5 b5 13. Nxc6 Qxc6 14. h4 Ne5
15. f4 Nc4 16. Bxc4 Qxc4 17. b3 Qc6 18. Bd4 b4 19. Ne2 O-O 20. Ng3 Re8 21. Qxb4
e5 22. Bb2 Bg4 23. Rd5 Rac8 24. Qd2 exf4 25. Nf5 Bf8 26. Nd4 Qd7 27. Qxf4 Rc5
28. Rf1 Bh3 29. Rd1 Qg4 30. Rf1 Qxf4+ 31. Rxf4 Bg2 32. Rdf5 Rc7 33. Ra5 Bxe4
34. Rxa6 d5 35. Ba3 Bd3 36. Ra5 Bxc2 37. Nxc2 Re2 38. Ra8 Rexc2+ 39. Kd1 Rc8
40. Rxc8 Rxc8 41. Ra4 h6 42. Bxf8 Kxf8 43. Ra5 hxg5 44. hxg5 d4 45. Rd5 Ke7 46.
Rxd4 Ke6 47. a4 Rc5 48. Re4+ Kd6 49. Rg4 Rc3 50. Rb4 Rc5 51. Rb7 Rxg5 52. Rxf7
Rg2 53. Kc1 Kc5 54. Rf4 g5 55. Rc4+ Kb6 56. Rc2 Rg1+ 57. Kb2 g4 58. Rf2 Re1 59.
Rf6+ Kb7 60. Rg6 Re4 61. Ka3 Rf4 62. a5 Ka7 63. b4 Kb7 64. Ka4 Ka7 65. a6 Rf1
66. Ka5 Ra1+ 67. Kb5 Rf1 68. Rg7+ Kb8 69. Kb6 Rf6+ 70. Ka5 g3 71. b5 g2 72.
Rg8+ Kc7 73. b6+ Rxb6 74. Rg7+ Kc6 75. a7 Rb5+ 76. Ka4 1-0

[Event "2. Bundesliga West 2005/2006"]
[Site "AUT"]
[Date "2005.12.02"]
[Round "3"]
[White "Deglmann, Ludwig"]
[Black "Kanonier, Klemens"]
[Result "1-0"]
[WhiteElo "2378"]
[BlackElo "2100"]
[PlyCount "73"]
[EventDate "2005.10.??"]
[EventType "team"]
[EventRounds "11"]
[EventCountry "AUT"]
[WhiteTeam "Innsbruck Rochade III"]
[BlackTeam "Lochau XII"]
[WhiteTeamCountry "AUT"]
[BlackTeamCountry "AUT"]

1. d4 Nf6 2. Nf3 b5 3. Bg5 Bb7 4. Nbd2 d6 5. e3 a6 6. c4 bxc4 7. Bxc4 d5 8. Bb3
Nbd7 9. Rc1 e6 10. Ne5 Be7 11. Ba4 O-O 12. Bxd7 Nxd7 13. Bxe7 Qxe7 14. Rxc7 Bc8
15. Qa4 Qd6 16. Rxd7 Bxd7 17. Nxd7 Rfd8 18. Nc5 Rdb8 19. Qc2 e5 20. dxe5 Qxe5
21. Nd3 Qf5 22. Nf3 Rb6 23. O-O g5 24. Nd4 Qe4 25. Qc7 Rf6 26. Nc5 Qe8 27. b4
Rc8 28. Qb7 Rd8 29. a4 g4 30. Qc7 h5 31. Qg3 Kh7 32. Qh4 Kg6 33. Nd3 Rdd6 34.
Nf4+ Kh7 35. Qxh5+ Rh6 36. Qf5+ Kh8 37. Rc1 1-0

[Event "2. Bundesliga West 2005/2006"]
[Site "AUT"]
[Date "2005.12.02"]
[Round "3"]
[White "Eiler, Gebhard"]
[Black "Fuchs, Georg"]
[Result "0-1"]
[WhiteElo "2096"]
[BlackElo "2237"]
[PlyCount "38"]
[EventDate "2005.10.??"]
[EventType "team"]
[EventRounds "11"]
[EventCountry "AUT"]
[WhiteTeam "Lochau XII"]
[BlackTeam "Innsbruck Rochade III"]
[WhiteTeamCountry "AUT"]
[BlackTeamCountry "AUT"]

1. d4 Nf6 2. Nf3 b6 3. Bg5 Ne4 4. Bf4 d5 5. Nbd2 e6 6. e3 Bd6 7. Bxd6 Qxd6 8.
c3 Nd7 9. Bd3 f5 10. Nh4 O-O 11. f4 Ndf6 12. O-O g5 13. Bxe4 dxe4 14. fxg5 Ng4
15. Rf4 Nxe3 16. Qh5 Qxf4 17. Ng6 Qg4 18. Ne7+ Kg7 19. Qh6+ Kf7 0-1

[Event "2. Bundesliga West 2005/2006"]
[Site "AUT"]
[Date "2005.12.02"]
[Round "3"]
[White "Heinritz, Dietmar"]
[Black "Muehlbacher, Bernhard"]
[Result "1/2-1/2"]
[WhiteElo "1899"]
[BlackElo "2116"]
[PlyCount "50"]
[EventDate "2005.10.??"]
[EventType "team"]
[EventRounds "11"]
[EventCountry "AUT"]
[WhiteTeam "Lochau XII"]
[BlackTeam "Innsbruck Rochade III"]
[WhiteTeamCountry "AUT"]
[BlackTeamCountry "AUT"]

1. d4 f5 2. g3 Nf6 3. Bg2 g6 4. Nf3 Bg7 5. O-O O-O 6. c4 d6 7. Nc3 c6 8. Qc2
Qe8 9. b3 e5 10. dxe5 dxe5 11. Ba3 Rf7 12. Bd6 Nh5 13. Rad1 h6 14. e3 Nd7 15.
Na4 Nhf6 16. Rfe1 Ne4 17. Ba3 Kh7 18. Bb2 Ndc5 19. Nxc5 Nxc5 20. b4 Na6 21. a3
Nc7 22. Re2 e4 23. Nd4 a5 24. Red2 axb4 25. axb4 Ne6 1/2-1/2

[Event "2. Bundesliga West 2005/2006"]
[Site "AUT"]
[Date "2005.12.02"]
[Round "3"]
[White "Jedinger, Andreas"]
[Black "Ladner, Peter"]
[Result "1-0"]
[WhiteElo "2128"]
[BlackElo "2038"]
[PlyCount "71"]
[EventDate "2005.10.??"]
[EventType "team"]
[EventRounds "11"]
[EventCountry "AUT"]
[WhiteTeam "Innsbruck Rochade III"]
[BlackTeam "Lochau XII"]
[WhiteTeamCountry "AUT"]
[BlackTeamCountry "AUT"]

1. e4 c5 2. Nf3 Nc6 3. d4 cxd4 4. Nxd4 Nf6 5. Nc3 e5 6. Ndb5 d6 7. Bg5 a6 8.
Na3 b5 9. Bxf6 gxf6 10. Nd5 Be6 11. c3 Bg7 12. Nc2 f5 13. exf5 Bxf5 14. Nce3
Be6 15. a4 O-O 16. axb5 Ne7 17. bxa6 Nxd5 18. Nxd5 Qb8 19. Nb4 Rc8 20. Be2 Bc4
21. O-O Rc5 22. Bxc4 Rxc4 23. Qd3 Rxb4 24. cxb4 Qxb4 25. Qd5 Ra7 26. Rfd1 Bf8
27. b3 Qb6 28. Qc4 Ra8 29. h3 Bg7 30. Qd5 Rxa6 31. Rxa6 Qxa6 32. Qxd6 Qb5 33.
Qd8+ Bf8 34. Qg5+ Kh8 35. Rd8 Qc5 36. h4 1-0